000 00499cam a22001217a 4500
008 180718b1973 xxu||||| |||| 00| 0 eng d
082 _aA81x54 In2/71/2/PT10A&10B/KU
100 _aCensus of India 1971
245 _aAndhra Pradesh district census handbook, Kurnool: village and town directory, village and town primary census abstract
260 _aHyderabad
_bThe Government of Andhra Pradesh
_c1973
300 _a337+p.
440 _aCensus of India 1971. Series-2, Andhra Pradesh. Part X-A & Part X-B
999 _c484863
_d484863